Central Library OPAC University of Rajshahi

A lesson before dying / (Record no. 13584)

MARC details
000 -LEADER
fixed length control field 01135cam a2200325 a 4500
001 - CONTROL NUMBER
control field 13584
003 - CONTROL NUMBER IDENTIFIER
rucl marc code BD-RjUL
005 - DATE AND TIME OF LATEST TRANSACTION
control field 20211208235458.0
008 - FIXED-LENGTH DATA ELEMENTS--GENERAL INFORMATION
fixed length control field 010201s1993 nyu 000 1 eng
020 ## - INTERNATIONAL STANDARD BOOK NUMBER
International Standard Book Number 0679414770 ;
035 ## - SYSTEM CONTROL NUMBER
System control number (BD-RjUL)13636
040 ## - CATALOGING SOURCE
Original cataloging agency DLC
Transcribing agency DLC
Modifying agency DLC
-- OCoLC
-- DLC
Language of cataloging eng
041 ## - LANGUAGE CODE
Language code of text/sound track or separate title eng
082 00 - DEWEY DECIMAL CLASSIFICATION NUMBER
Classification number 813.54
Edition number 20
Author mark and year GAL 1993
100 1# - MAIN ENTRY--PERSONAL NAME
Personal name Gaines, Ernest J.,
Dates associated with a name 1933-
9 (RLIN) 42476
245 12 - TITLE STATEMENT
Title A lesson before dying /
Statement of responsibility, etc. Ernest J. Gaines.
260 ## - PUBLICATION, DISTRIBUTION, ETC. (IMPRINT)
Place of publication, distribution, etc. New York :
Name of publisher, distributor, etc. A. A. Knopf :
-- Distribued by Random House, Inc.,
Date of publication, distribution, etc. 1993.
300 ## - PHYSICAL DESCRIPTION
Pagination 256 p. ;
Size 23 cm.
650 #0 - SUBJECT ADDED ENTRY--TOPICAL TERM
Topical term or geographic name as entry element African American men
Form subdivision Fiction.
9 (RLIN) 42477
Topical term or geographic name as entry element Death row inmates
General subdivision Fiction.
9 (RLIN) 42478
Topical term or geographic name as entry element Race relations
General subdivision Fiction.
9 (RLIN) 42479
Topical term or geographic name as entry element Friendship
General subdivision Fiction.
9 (RLIN) 42480
651 #0 - SUBJECT ADDED ENTRY--GEOGRAPHIC NAME
Geographic name Louisiana
General subdivision Fiction.
9 (RLIN) 42481
856 42 - ELECTRONIC LOCATION AND ACCESS
Materials specified Publisher description
Uniform Resource Identifier <a href="http://www.loc.gov/catdir/description/random049/92020335.html">http://www.loc.gov/catdir/description/random049/92020335.html</a>
Materials specified Sample text
Uniform Resource Identifier <a href="http://www.loc.gov/catdir/enhancements/fy0904/92020335-s.html">http://www.loc.gov/catdir/enhancements/fy0904/92020335-s.html</a>
942 ## - ADDED ENTRY ELEMENTS (KOHA)
Source of classification or shelving scheme Dewey Decimal Classification
Koha item type Books
Holdings
Lost status Source of classification or shelving scheme Damaged status Not for loan Collection code Permanent Location Current Location Shelving location Date acquired Source of acquisition Cost, normal purchase price Total Checkouts Full call number Date last seen Copy number Koha item type
  Dewey Decimal Classification   Not For Loan Non-fiction Central Library, University of Rajshahi Central Library, University of Rajshahi Reading Room 03/11/2013 Dhaka american central library 2.95   813.54 GAL 1993 01/02/2014 C-1 Books